VEDA (Record no. 714671)

MARC details
000 -LEADER
sabit uzunluktaki kontrol alanı 00228nam a2200097Ia 4500
001 - KONTROL NUMARASI
kontrol alanı 714671
005 - EN SON İŞLEMİN TARİH VE ZAMANI
kontrol alanı 20250826162910.0
008 - SABİT-UZUNLUKTA VERİ ÖĞELERİ--GENEL BİLGİ
sabit uzunluktaki kontrol alanı 250824s9999 xx 000 0 und d
245 #0 - ESER / YAZAR
ESER ADI VEDA
Yazar Adı AYŞE KULİN
260 ## - YAYIN, DAĞITIM, VB.
YAYIN EVİ EVEREST YAYINLARI
Holdings
Düşüm durumu Kayıp durumu Hasar Durumu Ödünç verilmez Ana kütüphane Geçerli Kütüphane Edinilen tarih Toplam ödünç verme sayısı Barkod Son görüntüleme tarihi Son ödünç verme tarihi Fiyatın geçerli olmaya başladığı tarih Koha materyal türü
        OSMAN NURİ HEKİMOĞLU ANADOLU LİSESİ OSMAN NURİ HEKİMOĞLU ANADOLU LİSESİ 24.08.2025 1 1033754 11.02.2026 30.12.2025 26.08.2025 Books